ARRUPE JESUIT UNIVERSITY

CORONAVIRUS -STOP THE SPREAD - CLEAN,DISINFECT,COVER

Livingstone's tribe (Record no. 118841)

MARC details
000 -LEADER
fixed length control field 00516nam a22001577a 4500
008 - FIXED-LENGTH DATA ELEMENTS--GENERAL INFORMATION
fixed length control field 131129b xxu||||| |||| 00| 0 eng d
020 ## - INTERNATIONAL STANDARD BOOK NUMBER
International Standard Book Number 000655069X
050 ## - LIBRARY OF CONGRESS CALL NUMBER
Classification number SPC DT1036.T246
100 ## - MAIN ENTRY--PERSONAL NAME
Personal name Taylor , Stephen
9 (RLIN) 4376
245 ## - TITLE STATEMENT
Title Livingstone's tribe
Remainder of title A Journey from Zamzibar to the Cape
260 ## - PUBLICATION, DISTRIBUTION, ETC. (IMPRINT)
Place of publication, distribution, etc London
Name of publisher, distributor, etc HarperCollinsPublishers
Date of publication, distribution, etc 1999
300 ## - PHYSICAL DESCRIPTION
Extent x; 260p.;
Dimensions 20cm
650 ## - SUBJECT ADDED ENTRY--TOPICAL TERM
Topical term or geographic name as entry element Africa, Southern
9 (RLIN) 4377
General subdivision Description & travel
650 ## - SUBJECT ADDED ENTRY--TOPICAL TERM
Topical term or geographic name as entry element Africa, East
General subdivision Description & travel
9 (RLIN) 4515
942 ## - ADDED ENTRY ELEMENTS (KOHA)
Source of classification or shelving scheme Library of Congress Classification
Item type Monograph ( Printed materials)
Holdings
Withdrawn status Lost status Source of classification or shelving scheme Damaged status Not for loan Home library Current library Date acquired Total Checkouts Full call number Barcode Date last seen Price effective from Koha item type
    Library of Congress Classification     ARRUPE LIBRARY ARRUPE LIBRARY 29/11/2013   SPC DT1036.T246 464122739 29/11/2013 29/11/2013 Monograph ( Printed materials)

 

Arrupe Library. PO Box MP320 Mt Pleasant, Harare, Zimbabwe
263 242 745411|librarian@aju.ac.zw